Famous People Wearing Ushankas Quiz Stats

 Plays Quiz not verified by Sporcle

Challenge
Share
Tweet
Score 0/20 Timer 06:00
0 Plays Today
% Correct
Владимир Путин
92.5%
Bill Murray
92%
Queen Elizabeth II
89.1%
Sean Connery
83.9%
김정은
83.9%
Arnold Schwarzenegger
83.3%
Kim Kardashian
82.2%
John Candy
81.6%
Angelina Jolie
79.3%
Gerald Ford
73%
% Correct
Jason Alexander
69%
Usher
67.8%
Ed Harris
66.7%
Catherine
66.1%
Frances McDormand
58%
Gérard Depardieu
49.4%
Danny Trejo
48.9%
Jay Z
48.3%
Kate Moss
43.7%
Mickey Rourke
43.1%

You're not logged in!

Compare scores with friends on all Sporcle quizzes.
Join for Free
OR
Log In

You Might Also Like...

Show Comments

Extras

Top Quizzes Today


Score Distribution

Your Account Isn't Verified!

In order to create a playlist on Sporcle, you need to verify the email address you used during registration. Go to your Sporcle Settings to finish the process.

Report this User

Report this user for behavior that violates our Community Guidelines.

Details: